000 00630nam a2200193Ia 4500
005 20250508164849.0
008 008 250505s9999 xx 000 0 eng d
037 _aDissertations
040 _aFEDL
_beng
_cFEDL
041 _aeng
_2eng
084 _a371.1, KAU/DI
_qFEDL
100 _aKaushik Dinesh
_9779358
245 0 _aStudy of the effectiveness of feedback in the transformation of a teacher from a traditional school to an alternate school set up
260 _c2006
300 _a56p.
546 _aM.Ed. Dissertation, (Delhi University)
942 _cDIS
_h371.1, KAU/DI
999 _c1391655
_d1391655